Portable architecture (Record no. 82067)

MARC details
000 -LEADER
fixed length control field 01148nam a2200217 a 4500
008 - FIXED-LENGTH DATA ELEMENTS--GENERAL INFORMATION
fixed length control field 120416s1996 ||||||||||||||||| || u
020 ## - INTERNATIONAL STANDARD BOOK NUMBER
International Standard Book Number 0750623888
050 ## - LIBRARY OF CONGRESS CALL NUMBER
Classification number NA 8480 Kro
100 ## - MAIN ENTRY--PERSONAL NAME
Personal name Kronenburg, Robert
245 10 - TITLE STATEMENT
Title Portable architecture
260 ## - PUBLICATION, DISTRIBUTION, ETC.
Place of publication, distribution, etc. Oxford:
Name of publisher, distributor, etc. Architectural Press
Date of publication, distribution, etc. 1996
300 ## - PHYSICAL DESCRIPTION
Extent viii,140p.: ill.
350 ## -
-- 0.00
490 ## -
-- Architectural Press new technology series
500 ## - GENERAL NOTE
General note Includes bibliographical references (p. 134-136) 
650 ## - SUBJECT ADDED ENTRY--TOPICAL TERM
Topical term or geographic name entry element BUILDINGS--PORTABLE
995 ## -
-- ANNEX COLLECTION (Main Library)
-- 0.00
-- 731543
-- CBU-MAIN LIBRARY (Kitwe)
-- 2
-- 35.00
-- NA 8480 Kro
-- AVAILABLE
-- 028750
-- Annex Low-Usage Collection
995 ## -
-- MAIN LIBRARY OPEN ACCESS
-- 0.00
-- 730596
-- CBU-MAIN LIBRARY (Kitwe)
-- 3
-- 35.00
-- NA 8480 Kro
-- 4
-- AVAILABLE
-- 027503
-- Main Library Open Access Collection
995 ## -
-- MAIN LIBRARY OPEN ACCESS
-- 0.00
-- 731637
-- CBU-MAIN LIBRARY (Kitwe)
-- 1
-- 0.00
-- NA 8480 Kro
-- 2
-- AVAILABLE
-- 028735
-- Main Library Open Access Collection
995 ## -
-- ANNEX COLLECTION (Main Library)
-- 0.00
-- 731638
-- CBU-MAIN LIBRARY (Kitwe)
-- 1
-- 35.00
-- NA 8480 Kro
-- 3
-- AVAILABLE
-- 028736
-- Annex Low-Usage Collection
999 ## -
-- 82067
-- 82067
Holdings
Withdrawn status Lost status Source of classification or shelving scheme Damaged status Not for loan Permanent Location Current Location Shelving location Date acquired Total Checkouts Full call number Barcode Date last seen Copy number Price effective from Koha item type
          CBU-MAIN LIBRARY, KITWE. CBU-MAIN LIBRARY, KITWE.   09/12/2023   NA 8480 Kro 028750 09/12/2023 1 09/12/2023 MONOGRAPH
          CBU-MAIN LIBRARY, KITWE. CBU-MAIN LIBRARY, KITWE.   09/12/2023   NA 8480 Kro 027503 09/12/2023 2 09/12/2023 MONOGRAPH
          CBU-MAIN LIBRARY, KITWE. CBU-MAIN LIBRARY, KITWE.   09/12/2023   NA 8480 Kro 028735 09/12/2023 3 09/12/2023 MONOGRAPH
          CBU-MAIN LIBRARY, KITWE. CBU-MAIN LIBRARY, KITWE.   09/12/2023   NA 8480 Kro 028736 09/12/2023 4 09/12/2023 MONOGRAPH